| 000 | 00762nab a2200193 4500 | ||
|---|---|---|---|
| 001 | 244442 | ||
| 003 | OSt | ||
| 005 | 20240514133350.0 | ||
| 007 | tu | ||
| 008 | 200917s2020||||||| | ||
| 040 |
_aDE-2950 _cDE-2950 |
||
| 245 | 0 | 0 |
_aSatirischer Wind fürs Stadtparlament _bWahl. Die Satirepartei die PARTEI will in Frankfurt (Oder) wieder in Fraktionsstärke in die Stadtverordnetenversammlung einziehen. Wie die Bilanz nach fünf Jahren ausfällt und welche nicht immer ganz ernst gemeinten Forderungen im Wahlprogramm stehen/ _cLisa Larossa |
| 264 | _c2024 | ||
| 653 | _aFrankfurt (Oder) | ||
| 653 | _aKommunalwahlen | ||
| 653 | _aDie PARTEI | ||
| 773 | 0 |
_g35. Jahrgang (2024) Nr. 111 vom 14.05.2024, S. 15 mit Foto _tMärkische Oderzeitung |
|
| 942 |
_2z _cA |
||
| 999 |
_c373151 _d373151 |
||